Acercamiento a Europa / (Record no. 104481)

MARC details
000 -LEADER
campo de control de longitud fija 00552nam a2200181 i 4500
001 - NÚMERO DE CONTROL
campo de control 104481
003 - IDENTIFICADOR DE NÚMERO DE CONTROL
campo de control ES-MaACL
005 - FECHA Y HORA DE LA ÚLTIMA TRANSACCIÓN
campo de control 20230906183621.0
007 - CAMPO FIJO DE DESCRIPCIÓN FÍSICA--INFORMACIÓN GENERAL
campo de control de longitud fija t|
008 - DATOS DE LONGITUD FIJA--INFORMACIÓN GENERAL
campo de control de longitud fija 051130s1960 sp ||||1| spa d
100 1# - ENTRADA PRINCIPAL--NOMBRE DE PERSONA
Nombre de persona Millet i Bel, Salvador.
9 (RLIN) 81249
245 10 - MENCIÓN DEL TÍTULO
Título Acercamiento a Europa /
Mención de responsabilidad, etc. Salvador Millet i Bel.
260 ## - PUBLICACIÓN, DISTRIBUCIÓN, ETC.
Lugar de publicación, distribución, etc. Barcelona :
Nombre del editor, distribuidor, etc. Instituto de Estudios Europeos,
Fecha de publicación, distribución, etc. 1960.
300 ## - DESCRIPCIÓN FÍSICA
Extensión 125 p. ;
Dimensiones 21 cm.
710 2# - ENTRADA AGREGADA--NOMBRE DE ENTIDAD CORPORATIVA
Nombre de entidad corporativa o nombre de jurisdicción como elemento de entrada Instituto de Estudios Europeos.
9 (RLIN) 4900
852 ## - LOCALIZACIÓN
Ubicación ES-MaACL
Número de control de estantería C-18269
Sublocalización o colección R.46710
852 ## - LOCALIZACIÓN
Ubicación ES-MaACL
Número de control de estantería C-18879
Sublocalización o colección R.46165
Holdings
Estatus retirado Estado de pérdida Estado de daño No para préstamo Biblioteca de origen Biblioteca actual Ubicación en estantería Fecha de adquisición Fuente de adquisición Total de préstamos Signatura topográfica completa Código de barras Visto por última vez Precio de reemplazo Tipo de ítem Koha
        Biblioteca del Ateneo de Madrid Biblioteca del Ateneo de Madrid Galería 17/01/2008     C-18879 1109086 23/02/2023 23/02/2023 Libro impreso
        Biblioteca del Ateneo de Madrid Biblioteca del Ateneo de Madrid Galería 17/01/2008     C-18269 1109085 23/02/2023 23/02/2023 Libro impreso